000 00524nam a2200205 4500
003 OSt
005 20260601193902.0
008 260508b |||||||| |||| 00| 0 fre d
020 _a202023775X
040 _aICI
_bspa
_cICI
_erda
050 _aNC975.5
_b.P33
100 _aNoël, Bernard
_eautor
_923947
245 _aKveta Pacovská
264 _aEspaña
_bÉditions du Seuil
_c1994
300 _a64
336 _2rdacontent
_atexto
337 _2rdamedia
_asin medio
338 _2rdacarrier
_avolumen
942 _2lcc
_n1
_cB
999 _c22262
_d22262